Skład Górnika Zabrze wiosna 2019 - Statystyki

Ogólne statystyki
  • Ten quiz został rozwiązany 163 razy
  • Średni wynik to 10 z 25
Statystyki odpowiedzi
Pozycja Zawodnik % Poprawnych
Napastnicy Igor Angulo
95%
Bramkarze Tomasz Loska
88%
Szymon Żurkowski
72%
Martin Chudy
71%
Łukasz Wolsztyński
62%
Obrońcy Paweł Bochniewicz
62%
Dani Suarez
57%
Przemysław Wiśniewski
54%
Adrian Gryszkiewicz
48%
Pomocnicy Szymon Matuszek
42%
Boris Sekulić
38%
Michał Koj
36%
Krzysztof Zapolnik
34%
Maciej Ambrosiewicz
33%
Mateusz Matras
31%
Daniel Bielica
28%
Jesus Jimenes
27%
Ishmael Baidoo
25%
Walerian Gwilia
25%
Adam Orn Arnarson
18%
Adam Ryczkowski
16%
Daniel Liszka
15%
Kacper Michalski
12%
Krzysztof Kubica
11%
Janis Mistakidis
5%
Nie znaleziono quizów pasujących do podanych kryteriów
Rozkład punktacji
Procent ludzi z każdym wynikiem
Percentyl według liczby udzielonych odpowiedzi
Twoja historia wyników
Nie rozwiązałeś tego quizu